Computer Graphics/ (Record no. 35782)

MARC details
000 -LEADER
fixed length control field 00450nam a22001697a 4500
005 - DATE AND TIME OF LATEST TRANSACTION
control field 20240516115926.0
008 - FIXED-LENGTH DATA ELEMENTS--GENERAL INFORMATION
fixed length control field 240516b |||||||| |||| 00| 0 eng d
082 ## - DEWEY DECIMAL CLASSIFICATION NUMBER
Classification number 006.6
Item number HIL-C
100 ## - MAIN ENTRY--AUTHOR
Author Name Hill; F.S. Jr.
245 ## - TITLE STATEMENT
Title Computer Graphics/
Remainder of title Using Open GL/
Statement of responsibility, etc. F.S. Hill Jr.
250 ## - EDITION STATEMENT
Edition statement 2nd ed.
300 ## - PHYSICAL DESCRIPTION
Pages xxxi, 922 p.:
500 ## - GENERAL NOTE
General note Include Index.
650 ## - SUBJECT ADDED ENTRY--TOPICAL TERM
Subject / Department Coputer Science/Computer Graphics
700 ## - ADDED ENTRY--PERSONAL NAME
Personal name
300 ## - PHYSICAL DESCRIPTION
-- ill.;
-- 23 cm.
952 ## - LOCATION AND ITEM INFORMATION (KOHA)
-- 0
-- 0
Holdings
Lost status Damaged status Collection code Permanent Location Current Location Shelving Location Date acquired Full Call Number Accession No./Barcode Date last seen item type Koha item type
    CS/IT Superior Information Resource Center (SIRC) Superior University - City Campus Superior Information Resource Center (SIRC) Superior University - City Campus Computer Science 05/16/2024 006.6 HIL-C 2815 05/16/2024 BOOK BOOK

Powered by Koha